000 00332nam a2200133Ia 4500
008 230524s9999 xx 000 0 und d
020 _a9789350244562
100 _aArif Sheikh & Kaneez Fatima
_937243
245 0 _aRetail Management
260 _bHimalaya
500 _aQuantity Number: 10
650 _aManagement
942 _cBK
999 _c51342
_d51342